Competencias y atribuciones de la Corte Suprema de Justicia de la Nación /

Guardado en:
Autor Principal: Hockl, María Cecilia.
Otros Autores: Duarte, David.
Formato: Libro
Idioma:Spanish
Publicado: Buenos Aires : Legis, 2006.
Edición:1a. ed.
Materias:
Etiquetas: Agregar Etiqueta
Sin Etiquetas, Sea el primero en etiquetar este registro!
LEADER 00548nam a22001695a 4500
001 DER.der014543
008 191203s2006####ag############000#0#spa#d
005 20250807145710.0
245 1 0 |a Competencias y atribuciones de la Corte Suprema de Justicia de la Nación /  |c María Cecilia Hockl, David Duarte. 
250 |a 1a. ed. 
260 |a Buenos Aires :  |b Legis,  |c 2006. 
300 |a 606 p. 
020 |a 9871221134 
100 1 |a Hockl, María Cecilia. 
700 1 |a Duarte, David. 
650 7 |a DERECHO PROCESAL CIVIL 
859 |a DERECHO  |b BIB. DERECHO  |h 347  |i HOC  |p 009825